[Event "Klatovy op-B"]
[Site "Klatovy"]
[Date "2005.??.??"]
[Round "2"]
[White "Kopp, Lubomir"]
[Black "Pechat, J."]
[Result "0-1"]
[WhiteElo "1610"]
[BlackElo "1780"]
[PlyCount "100"]
[EventDate "2005.07.02"]
[EventType "swiss"]
[EventRounds "9"]
[EventCountry "CZE"]
[SourceTitle "EXT 2006"]
[Source "ChessBase"]
[SourceDate "2005.11.24"]
[SourceVersion "1"]
[SourceVersionDate "2005.11.24"]
[SourceQuality "1"]

1. Nf3 c5 2. g3 Nf6 3. Bg2 e6 4. d3 Be7 5. c4 Nc6 6. Nc3 0-0 7. 0-0 d6 8. Bd2 a6 9. a3 Bd7 10. e3 Rb8 11. Rb1 d5 12. cxd5 exd5 13. d4 Bf5 14. Rc1 Bg4 15. Ne2 Ne4 16. Bc3 Nxc3 17. Rxc3 cxd4 18. exd4 Bf6 19. Rd3 Re8 20. Re3 Qb6 21. Rb3 Qa7 22. Rd3 Re4 23. h3 Bh5 24. g4 Bg6 25. g5 Rxe2 26. Qxe2 Bxd3 27. Qxd3 Bxd4 28. Nxd4 Qxd4 29. Qxd4 Nxd4 30. Bxd5 Ne2+ 31. Kh2 Nf4 32. Be4 g6 33. Kg3 Ne6 34. b4 Nxg5 35. Bd5 b6 36. Re1 Rd8 37. Re5 h6 38. Bc4 b5 39. Bd5 Kg7 40. h4 Nh7 41. Bb7 Rd6 42. Rd5 Rb6 43. Rd7 Nf6 44. Rc7 Rd6 45. Rc3 Nh5+ 46. Kh2 Rb6 47. Rc7 Nf4 48. Bf3 Rf6 49. Rc6 Ne6 50. Kg3 Rxf3+ 0-1

[Event "Plzen op-C 10th"]
[Site "Plzen"]
[Date "2004.??.??"]
[Round "7"]
[White "Cerny, Vaclav"]
[Black "Pechat, J."]
[Result "1-0"]
[WhiteElo "1655"]
[BlackElo "1775"]
[PlyCount "29"]
[EventDate "2004.08.??"]
[EventType "swiss"]
[EventRounds "9"]
[EventCountry "CZE"]
[SourceTitle "EXT 2007"]
[Source "ChessBase"]
[SourceDate "2006.11.23"]
[SourceVersion "1"]
[SourceVersionDate "2006.11.23"]
[SourceQuality "1"]

1. e4 c5 2. c3 d5 3. exd5 Qxd5 4. d4 e6 5. Nf3 Nf6 6. Bd3 Be7 7. 0-0 0-0 8. Re1 Qd8 9. Bc2 Nbd7 10. Qd3 cxd4 11. cxd4 Qa5 12. Nc3 b6 13. Ne5 Bd6 14. Bf4 Ba6 15. Qh3 1-0

[Event "Plzen op-C 10th"]
[Site "Plzen"]
[Date "2004.??.??"]
[Round "5"]
[White "Pechat, J."]
[Black "Soutner, Jaroslav"]
[Result "1-0"]
[WhiteElo "1775"]
[BlackElo "1700"]
[PlyCount "71"]
[EventDate "2004.08.??"]
[EventType "swiss"]
[EventRounds "9"]
[EventCountry "CZE"]
[SourceTitle "EXT 2007"]
[Source "ChessBase"]
[SourceDate "2006.11.23"]
[SourceVersion "1"]
[SourceVersionDate "2006.11.23"]
[SourceQuality "1"]

1. e4 e5 2. f4 Bc5 3. Nf3 d6 4. c3 Nf6 5. d3 Nc6 6. Qe2 Bg4 7. h3 Bd7 8. Be3 Bxe3 9. Qxe3 exf4 10. Qxf4 Nh5 11. Qh2 Qe7 12. g4 Nf6 13. Nbd2 Ne5 14. 0-0-0 Nxf3 15. Nxf3 0-0-0 16. Bg2 Be6 17. Kb1 Nd7 18. Rhe1 f6 19. Nd4 Kb8 20. Bh1 h5 21. Qg2 Ne5 22. Nxe6 Qxe6 23. d4 Nd7 24. e5 c6 25. d5 cxd5 26. exf6 Qxf6 27. Qxd5 Nc5 28. b4 Qxc3 29. bxc5 Qb4+ 30. Qb3 Qxb3+ 31. axb3 dxc5 32. Bf3 h4 33. Kc2 Kc7 34. Re7+ Kb6 35. Rxb7+ Ka6 36. Ra1# 1-0

[Event "Plzen op-C 10th"]
[Site "Plzen"]
[Date "2004.??.??"]
[Round "9"]
[White "Pechat, J."]
[Black "Verf, Fedde"]
[Result "1-0"]
[WhiteElo "1775"]
[BlackElo "1635"]
[PlyCount "65"]
[EventDate "2004.08.??"]
[EventType "swiss"]
[EventRounds "9"]
[EventCountry "CZE"]
[SourceTitle "EXT 2007"]
[Source "ChessBase"]
[SourceDate "2006.11.23"]
[SourceVersion "1"]
[SourceVersionDate "2006.11.23"]
[SourceQuality "1"]

1. e4 e5 2. f4 exf4 3. Nf3 g5 4. h4 g4 5. Ne5 d6 6. Nxg4 h5 7. Nf2 Nc6 8. d4 Bh6 9. c3 Nf6 10. Be2 Bg4 11. Nd2 Rg8 12. Nf3 Qe7 13. Qd3 0-0-0 14. Bd2 Rde8 15. e5 dxe5 16. 0-0-0 exd4 17. Rhe1 dxc3 18. Bxc3 Be6 19. Kb1 Rxg2 20. Nh1 Rd8 21. Qb5 a6 22. Qa4 Bf5+ 23. Bd3 Bxd3+ 24. Rxd3 Rxd3 25. Rxe7 Rxf3 26. Re1 Ng4 27. Qe4 Re3 28. Qxg2 f3 29. Qc2 Nd4 30. Qh7 b5 31. Qxf7 Ne2 32. Ba5 f2 33. Qxc7# 1-0

[Event "Plzen op-C 9th"]
[Site "Plzen"]
[Date "2003.??.??"]
[Round "9"]
[White "Koubek, J."]
[Black "Pechat, J."]
[Result "0-1"]
[WhiteElo "1612"]
[BlackElo "1758"]
[PlyCount "82"]
[EventDate "2003.08.??"]
[EventType "swiss"]
[EventRounds "9"]
[EventCountry "CZE"]
[SourceTitle "EXT 2005"]
[Source "ChessBase"]
[SourceDate "2004.11.15"]
[SourceVersion "1"]
[SourceVersionDate "2004.11.15"]
[SourceQuality "1"]

1. e4 c5 2. Nf3 Nc6 3. d4 cxd4 4. Nxd4 d6 5. Be3 Nf6 6. f3 e6 7. Nc3 Be7 8. Nxc6 bxc6 9. Bd3 Qa5 10. 0-0 0-0 11. Qd2 Nd7 12. f4 d5 13. Nxd5 Qd8 14. Nxe7+ Qxe7 15. e5 a5 16. Rf3 Rd8 17. Qf2 f5 18. exf6 Nxf6 19. Qh4 Rd7 20. Rh3 h6 21. Rg3 Ba6 22. Rf3 Kf8 23. Bxa6 Rxa6 24. Qf2 Kg8 25. Re1 Qd8 26. c3 a4 27. Bd4 Rd6 28. h3 Ra8 29. Rfe3 Qd7 30. Bxf6 gxf6 31. Qe2 Rd2 32. Qg4+ Kh8 33. R3e2 Rg8 34. Qh5 Kh7 35. Kh1 Rg7 36. Qf3 Rd3 37. Re3 Rd2 38. R1e2 Rd1+ 39. Kh2 a3 40. bxa3 Qa7 41. Rxe6 Qg1# 0-1